000
00298 a2200133 4500
245
_a
Rayonnement ultraviolet
100
_a
Organisation Mondiale de la Santé
260
_c
1980
300
_a
118 p.
035
_a
7802
999
_c
17579
_d
17579